Les 30 joueurs les plus chers de 2019-2020 - Statistiques

Statistiques générales
  • Ce quiz a été pris 101 fois
  • Le résultat moyen est 21 sur 30
Statistiques - réponses
# De Vers Valeur du transfert Poste Pays Joueur % Correct
3 Atlético de Madrid FC Barcelona 120 000 000 € A France Antoine Griezmann
100%
2 Chelsea FC Real Madrid CF 120 800 000 € A Belgique Eden Hazard
100%
1 SL Benfica Atlético de Madrid 127 200 000 € A Portugal João Félix
96%
5 AFC Ajax FC Barcelona 86 000 000 € M Pays-Bas Frenkie de Jong
95%
8 Lille OSC Arsenal FC 80 000 000 € A Côte d'Ivoire Nicolas Pépé
90%
6 AFC Ajax Juventus 85 500 000 € D Pays-Bas Matthijs de Ligt
89%
9 Manchester United Inter 74 000 000 € A Belgique Romelu Lukaku
89%
4 Leicester City FC Manchester United 87 000 000 € D Angleterre Harry Maguire
88%
7 Atlético de Madrid FC Bayern München 80 000 000 € D France Lucas Hernández
88%
10 Atlético de Madrid Manchester City 70 000 000 € M Espagne Rodri
86%
14 Olympique Lyonnais Tottenham Hotspur 62 000 000 € M France Tanguy Ndombélé
82%
11 Sporting CP Manchester United 65 000 000 € M Portugal Bruno Fernandes
81%
13 Eintracht Frankfurt Real Madrid CF 63 000 000 € A Serbie Luka Jović
81%
12 Juventus Manchester City 65 000 000 € D Portugal João Cancelo
77%
18 Lille OSC AC Milan 49 500 000 € A Portugal Rafael Leão
75%
19 Olympique Lyonnais Real Madrid CF 48 000 000 € D France Ferland Mendy
69%
23 Real Madrid CF Chelsea FC 45 000 000 € M Croatie Mateo Kovacic
67%
16 FC Porto Real Madrid CF 50 000 000 € D Brésil Éder Militão
63%
21 Santos FC Real Madrid CF 45 000 000 € A Brésil Rodrygo
62%
25 FC Barcelona FC Zenit SPB 41 500 000 € M Brésil Malcom
57%
26 Sevilla FC AS Monaco 40 000 000 € A France Wissam Ben Yedder
55%
22 AS Monaco Leicester City FC 45 000 000 € M Belgique Youri Tielemans
50%
15 Crystal Palace FC Manchester United 55 000 000 € D Angleterre Aaron Wan-Bissaka
48%
20 PSV SSC Napoli 50 000 000 € A Mexique Hirving Lozano
46%
30 AS Roma SSC Napoli 36 000 000 € D Grèce Konstantinos Manolas
45%
29 Manchester City Juventus 37 000 000 € D Brésil Danilo
42%
27 Atalanta BC Juventus 39 000 000 € M Suède Dejan Kulusevski
38%
24 TSG Hoffenheim Newcastle United FC 43 500 000 € M Brésil Joelinton
38%
17 Eintracht Frankfurt West Ham United 50 000 000 € A Côte d'Ivoire Sébastien Haller
36%
28 SL Benfica Wolverhampton Wanderers 38 000 000 € A Mexique Raúl Jiménez
32%
Aucun quiz correspondant
Distribution des résultats
% des personnes avec chaque résultat
Percentile par nombre de réponses
Votre historique - résultats
Vous n’avez pas pris ce quiz